| 000 | 00375nam a2200145Ia 4500 | ||
|---|---|---|---|
| 008 | 230711s9999||||xx |||||||||||||| ||und|| | ||
| 041 | _aENG | ||
| 082 |
_a621 _bHA-M |
||
| 100 | _aDouglas,V.Hall | ||
| 245 | 0 | _aMicroprocessors and interfacing | |
| 250 | _a2nd | ||
| 260 |
_c2006 _aNew Delhi _bTata McGraw Hill Education Limited |
||
| 650 | _aComputer Engineering | ||
| 942 | _cBK | ||
| 999 |
_c2533 _d2533 |
||